00313nam a2200133Ia 45000030006000000080041000060400015000471000018000622450025000802500010001052600035001155460012001500050017001620STCL150530s9999 xx 000 0 und d aSTCLcSTCL aHayward, A.C. aDickens Encylopaedia aFirst bRoutledge and Kegan Paulc1969 aEnglish20220125170909.0